Un Futur en convivència
Descripción Física:
10 pàgines no numerades ; 30 cm
Materias:
Educació social
; Integració social -- Barcelona (província)
; Immigrants -- Barcelona (Província)
Idioma:
Catalán
MARC
| LEADER | 00000nam a2200000 a 4500 | ||
|---|---|---|---|
| 001 | 26485 | ||
| 008 | 220817s1997 spa||||| |||| 00| 0 cat d | ||
| 080 | |a FU-72-63 | ||
| 245 | 0 | 3 | |a Un Futur en convivència |
| 260 | |a Barcelona : |b Diputació de Barcelona. Àrea de Serveis Socials, |c 1997 | ||
| 300 | |a 10 pàgines no numerades ; |c 30 cm | ||
| 546 | |a Text en català, castellà, francès i anglès | ||
| 650 | 0 | |2 Arxiu |9 50333 |a Educació social | |
| 650 | 0 | |2 Arxiu |9 49687 |a Integració social |x Barcelona (província) | |
| 650 | 0 | |9 52865 |a Immigrants |z Barcelona (Província) | |
| 710 | |a Barcelona (Catalunya : Província). |b Àrea de Serveis Socials |e entitat editora |9 53159 | ||
| 942 | |2 udc |c ARXIU |n 1 | ||
| 952 | |0 0 |1 0 |4 0 |6 FU7263 |7 1 |9 63476 |a Arxiu |b Arxiu |d 2022-08-17 |l 0 |o FU-72-63 |p 26485 |r 2022-08-17 00:00:00 |w 2022-08-17 |y ARXIU | ||
| 999 | |c 82599 |d 82599 | ||